| 000 | 00645nam a2200241Ia 4500 | ||
|---|---|---|---|
| 005 | 20250425162630.0 | ||
| 008 | 250425s9999 xx 000 0 und d | ||
| 020 | _a9786073217101 | ||
| 041 | _aspa | ||
| 082 | _a658.834 | ||
| 100 | _aSOLOMON, MICHAEL R. | ||
| 245 | 0 | _aCOMPORTAMIENTO DEL CONSUMIDOR | |
| 250 | _a10A ED. | ||
| 260 |
_aMéxico _bPEARSON EDUCACION _c2013 |
||
| 260 | _aNAUCALPAN DE JUAREZ | ||
| 300 | _a640 | ||
| 500 | _aTítulo Traducido: CONSUMER BEHAVIOR | ||
| 650 | _aCOMPORTAMIENTO DEL CONSUMIDOR | ||
| 650 | _aMARKETING | ||
| 700 |
_aLETICIA ESTHER PINEDA AYALA _etraductor |
||
| 942 | _c01 | ||
| 010 | _a91557 | ||
| 999 |
_c233247 _d233247 |
||